| 000 | 00628nam a2200217 i 4500 | ||
|---|---|---|---|
| 003 | DO-SdBNP | ||
| 005 | 20230630112932.0 | ||
| 007 | ta | ||
| 008 | 230627b19? dr ac||| |||| 00| 0 spa d | ||
| 040 |
_aDO-SdBNP _bspa _cBNPHU _erda |
||
| 082 | 4 |
_bP965 _222 |
|
| 245 | 1 | 0 |
_aLa propuesta popular : _bfrente al desalojo |
| 264 | 1 |
_aSanto Domingo : _bEdiciones Populares, _c[sin fecha]. |
|
| 300 |
_a55 páginas : _bilustraciones ; _c22 cm. |
||
| 336 |
_2rdacontent _atexto _btxt |
||
| 337 |
_2rdamedia _asin mediación _bn |
||
| 338 |
_2rdacarrier _avolumen _bnc |
||
| 590 | _aInventariado, 2023/DG | ||
| 910 | _aDG | ||
| 942 |
_2ddc _cLBS1 |
||
| 999 |
_c54030 _d54030 |
||